00374nam a2200133Ia 4500003000400000005001700004008004100021040001800062041000800080100004500088110002200133245006500155260002000220OSt20230602105310.0211028s2012 xx 000 0 und d cAIMIT LIBRARY aeng aBanu, Saaim; Shetty, Annapoorna.e101931 aAnnapoorna Shetty aWorkshop attendance collector: inclusion of educator module. aMangalorec2012